|
|
|
|
| LEADER |
00955nam a2200241 a 4500 |
| 001 |
00024593 |
| 008 |
120315s2006 cau 001 0 eng d |
| 020 |
|
|
|a 1590596013
|
| 020 |
|
|
|a 9781590596012
|
| 020 |
|
|
|a 9781430201144
|
| 040 |
|
|
|a BD-DhAAL
|c BD-DhAAL
|
| 082 |
0 |
0 |
|a 658.1141024053
|2 21
|
| 100 |
1 |
|
|a Walsh,Bob.
|
| 245 |
1 |
0 |
|a Micro-ISV :
|b from vision to reality /
|c Bob Walsh
|
| 260 |
|
|
|a Berkeley, CA :
|b Apress ;
|a New York, NY :
|b Distributed to the book trade worldwide by Springer-Verlag New York,
|c c2006.
|
| 300 |
|
|
|a xxi, 349 p. :
|b ill. ;
|c 24 cm.
|
| 504 |
|
|
|a Includes index.
|
| 541 |
1 |
|
|e 00024593
|
| 650 |
|
0 |
|a Computer software developers
|x Vocational guidance
|
| 650 |
|
0 |
|a Computer architecture.
|
| 852 |
1 |
|
|a Ayesha Abed Library
|j General shelf
|
| 999 |
|
|
|c 11973
|d 11973
|
| 952 |
|
|
|0 0
|1 0
|4 0
|6 658_114102405300000_WAL
|7 0
|9 19685
|a BRACUL
|b BRACUL
|c GEN
|d 2012-03-14
|e Trim Education
|g 2450.00
|l 0
|o 658.1141024053 WAL
|p 3010024593
|r 2012-03-15
|t 1
|w 2012-03-15
|y BK
|